Guía para tratamiento de aguas y su aplicación en el diseño de una planta de tratamiento de aguas de desecho industrial provenientes de una planta de jabones y detergentes
El presente trabajo trata del restablecimiento y conservación de la integridad de las aguas del medio ambiente lo presentan con conceptos básicos acerca de la contaminación de las aguas definiendo los tipos y características y efectos de los agentes contaminantes.
| Main Author: | |
|---|---|
| Other Authors: | |
| Format: | Tesis Section = Libro |
| Language: | Undetermined Spanish |
| Published: |
Guatemala
UNI
1978
|
| Subjects: |
| LEADER | 01000nam a2200205Ia 4500 | ||
|---|---|---|---|
| 008 | 240830s9999 xx 000 0 und d | ||
| 040 | |a BIBLIOTECA-RUSB/ Mon 628.16 C965 | ||
| 041 | |a spa | ||
| 082 | |a Mon 628.16 C965 | ||
| 100 | 1 | |a Cuellar Juárez, Osberto | |
| 245 | 1 | 0 | |a Guía para tratamiento de aguas y su aplicación en el diseño de una planta de tratamiento de aguas de desecho industrial provenientes de una planta de jabones y detergentes |
| 260 | |a Guatemala |b UNI |c 1978 | ||
| 300 | |a 115 p. :il. | ||
| 502 | |a Tesis (Ingeniero Químico) - UNI, 1978. | ||
| 520 | 3 | |a El presente trabajo trata del restablecimiento y conservación de la integridad de las aguas del medio ambiente lo presentan con conceptos básicos acerca de la contaminación de las aguas definiendo los tipos y características y efectos de los agentes contaminantes. | |
| 650 | 7 | |a ANALISIS, TRATAMIENTO, CONTAMINACION - AGUAS | |
| 700 | 1 | |a Tutor: |b Calzada, Francisco | |
| 942 | |c BK |2 ddc | ||
| 991 | |a TESIS | ||
| 999 | |c 20406 | ||